Welcome to CU Library Online Public Access Catalogue (OPAC)

Managing the multibusiness company; (Record no. 5007)

MARC details
000 -LEADER
fixed length control field 00483nam a22001457a 4500
005 - DATE AND TIME OF LATEST TRANSACTION
control field 20250320124840.0
008 - FIXED-LENGTH DATA ELEMENTS--GENERAL INFORMATION
fixed length control field 250320b |||||||| |||| 00| 0 eng d
020 ## - INTERNATIONAL STANDARD BOOK NUMBER
International Standard Book Number 9780415132695
050 ## - LIBRARY OF CONGRESS CALL NUMBER
Classification number HD31
Item number MAN
245 ## - TITLE STATEMENT
Title Managing the multibusiness company;
Remainder of title strategic issues for diversified groups
Statement of responsibility, etc. edited by Michael Goold and Kathleen Sommers Luchs
260 ## - PUBLICATION, DISTRIBUTION, ETC.
Place of publication, distribution, etc. London
Name of publisher, distributor, etc. New York
Date of publication, distribution, etc. c1996
300 ## - PHYSICAL DESCRIPTION
Extent xii, 459p
700 ## - ADDED ENTRY--PERSONAL NAME
Personal name Goold Michael, Kathleen Sommers Luchs
942 ## - ADDED ENTRY ELEMENTS (KOHA)
Source of classification or shelving scheme Library of Congress Classification
Koha item type Books
Suppress in OPAC No
999 ## -
-- 5007
-- 5007
Holdings
Withdrawn status Lost status Source of classification or shelving scheme Damaged status Not for loan Collection Home library Current library Shelving location Date acquired Total checkouts Full call number Barcode Date last seen Copy number Price effective from Koha item type
    Dewey Decimal Classification     Non-fiction Undergraduate Library (Christ Temple) Undergraduate Library (Christ Temple) General stacks 03/20/2025   HD31 MAN ulct00001835 03/20/2025 1 03/20/2025 Books
    Dewey Decimal Classification     Non-fiction Undergraduate Library (Christ Temple) Undergraduate Library (Christ Temple) General stacks 03/20/2025   HD31 MAN ulct00001836 03/20/2025 2 03/20/2025 Books
    Dewey Decimal Classification     Non-fiction Undergraduate Library (Christ Temple) Undergraduate Library (Christ Temple) General stacks 03/20/2025   HD31 MAN ulct00001837 03/20/2025 3 03/20/2025 Books
© 2023-2024 Copyright: Central University Libraries. All Rights Reserved | Created by: Mahone Tech Office